[Event "Rocha op"]
[Site "Rocha"]
[Date "2022.10.01"]
[Round "3"]
[White "Fernandez Rotela, Wilson"]
[Black "Telechea Zas, Jorge"]
[Result "0-1"]
[WhiteElo "1547"]
[BlackElo "1788"]
[PlyCount "44"]
[EventDate "2022.10.01"]
[EventType "swiss"]
[EventRounds "5"]
[EventCountry "URU"]
[SourceTitle "EXT 2023"]
[Source "ChessBase"]
[SourceDate "2022.10.05"]
[SourceVersion "1"]
[SourceVersionDate "2022.10.05"]
[SourceQuality "1"]

1. e4 e5 2. Nf3 Nc6 3. Bb5 a6 4. Bxc6 bxc6 5. d3 d6 6. d4 exd4 7. Nxd4 c5 8. Nf3 h6 9. Nc3 Nf6 10. 0-0 Be7 11. Re1 0-0 12. Nd5 Bb7 13. Nxf6+ Bxf6 14. Nd2 Re8 15. f3 Bd4+ 16. Kh1 Qh4 17. g3 Qh3 18. Re2 Re6 19. c3 Be5 20. f4 Bf6 21. Qf1 Qxf1+ 22. Nxf1 Bxe4+ 0-1